Τα μάγια της πεταλούδας : κωμωδία σε δύο πράξεις και έναν πρόλογο (1919) ; Οι φασουλήδες του Κατσιπόρρα : κωμικοτραγωδία του Δον Κριστομπάλ και της Κυρά Ροζίτας, φάρσα σε έξη εικόνες και μια ανακοίνωση
Αποθηκεύτηκε σε:
| Κύριος συγγραφέας: | |
|---|---|
| Άλλοι συγγραφείς: | |
| Μορφή: | Βιβλίο |
| Γλώσσα: | Greek Spanish |
| Δημοσίευση: |
Αθήνα :
Δωδώνη,
[197-].
|
| Σειρά: | Παγκόσμιο θέατρο (Εκδόσεις Δωδώνη)
; 3 |
| Θέματα: | |
| Ετικέτες: |
Προσθήκη ετικέτας
Δεν υπάρχουν, Καταχωρήστε ετικέτα πρώτοι!
|
MARC
| LEADER | 00000cam a2200000 i 4500 | ||
|---|---|---|---|
| 001 | 1/17320 | ||
| 008 | 120113q197u gr | ||| |||| | gre|| | ||
| 035 | |l 10111667 | ||
| 040 | |a GR-MyUA |b gre |e AACR2 | ||
| 041 | 1 | |a gre |h spa | |
| 082 | 7 | |a 862 |2 (22) | |
| 100 | 1 | |a Garcia Lorca, Federico, |d 1898-1936. | |
| 245 | 1 | 3 | |a Τα μάγια της πεταλούδας : |b κωμωδία σε δύο πράξεις και έναν πρόλογο (1919) ; Οι φασουλήδες του Κατσιπόρρα : κωμικοτραγωδία του Δον Κριστομπάλ και της Κυρά Ροζίτας, φάρσα σε έξη εικόνες και μια ανακοίνωση / Φ. Γ. Λόρκα ; μετάφραση: Ιουλίας Ιατρίδη. |
| 260 | |a Αθήνα : |b Δωδώνη, |c [197-]. | ||
| 300 | |a 153 σ. ; |c 21 εκ. | ||
| 490 | 1 | |a (Παγκόσμιο θέατρο / Εκδόσεις Δωδώνη |v ; 3) | |
| 500 | |a Τίτλος πρωτοτύπου: El maleficio de la mariposa ; Los titeres de la Cachiporra. | ||
| 650 | 0 | 0 | |a Spanish drama. |
| 700 | 1 | |a Ιατρίδη, Ιουλία, |e trlf | |
| 830 | 0 | |a Παγκόσμιο θέατρο (Εκδόσεις Δωδώνη) |v ; 3 | |
| 852 | |a INST |b RHODES |e 20220601 |h 862 GAR |p 005400042873 |q 005400042873 |t BK |y 0 | ||
| 852 | |a INST |b SAMOS |e 20120113 |h 862 GAR |p 005300034169 |q 005300034169 |t BK |y 0 | ||
| 901 | |a BIBL3-2011-2 | ||
| 909 | |a Σ |b 171744 | ||
| 970 | |a ΓΟΥΒΑΛΑ |b ΒΑΣΩ |z 2012/01/13 | ||